000 00507nam a2200205Ia 4500
005 20240823032154.0
008 240823s9999||||xx |||||||||||||| ||und||
020 _a978-81-9084-060-6
041 _aENGLISH
082 _A620.11 Q0
100 _aLakshmana Rao C
245 0 _aModelling of Engineering Materials
250 _a1st
260 _c2010
_bAne Books Pv
500 _aYES
650 _aEngineering Materials
_bMechanical
700 _a Abhijit P Deshpande
942 _cBK
999 _c192819
_d192819